Quantitative methods: problems and solutions for CWA intermediate examination (Record no. 79921)

MARC details
000 -LEADER
fixed length control field 00691nam a2200145 a 4500
008 - FIXED-LENGTH DATA ELEMENTS--GENERAL INFORMATION
fixed length control field 120416s2001 ||||||||||||||||| || u
020 ## - INTERNATIONAL STANDARD BOOK NUMBER
International Standard Book Number 0074638211
050 ## - LIBRARY OF CONGRESS CALL NUMBER
Classification number HF 5694 Sah
100 ## - MAIN ENTRY--PERSONAL NAME
Personal name Saha, Suranjan
245 10 - TITLE STATEMENT
Title Quantitative methods: problems and solutions for CWA intermediate examination
260 ## - PUBLICATION, DISTRIBUTION, ETC.
Place of publication, distribution, etc. New Delhi:
Name of publisher, distributor, etc. Tata McGraw-Hill
Date of publication, distribution, etc. 2001
350 ## -
-- 0.00
995 ## -
-- MAIN LIBRARY OPEN ACCESS
-- 0.00
-- 732247
-- CBU-MAIN LIBRARY (Kitwe)
-- 4
-- 70.00
-- HF 5694 Sah
-- 4
-- AVAILABLE
-- Jun 27, 2006
-- 029904
-- Main Library Open Access Collection
995 ## -
-- BINDERY (DAMAGED)
-- 0.00
-- 732248
-- CBU-MAIN LIBRARY (Kitwe)
-- 1
-- 70.00
-- HF 5694 Sah
-- 1
-- DAMAGED
-- 029905
-- Main Library Open Access Collection
999 ## -
-- 79921
-- 79921
Holdings
Withdrawn status Lost status Source of classification or shelving scheme Damaged status Not for loan Permanent Location Current Location Shelving location Date acquired Total Checkouts Full call number Barcode Date last seen Copy number Price effective from Koha item type
          CBU-MAIN LIBRARY, KITWE. CBU-MAIN LIBRARY, KITWE.   06/29/2023   HF 5694 Sah 029904 06/29/2023 1 06/29/2023 MONOGRAPH
          CBU-MAIN LIBRARY, KITWE. CBU-MAIN LIBRARY, KITWE.   06/29/2023   HF 5694 Sah 029905 06/29/2023 2 06/29/2023 MONOGRAPH